| 000 | 00000nam##2200000za#4500 |
| 001 | 9.568209 |
| 003 | CaOODSP |
| 005 | 20240215150447 |
| 007 | cr ||||||||||| |
| 008 | 150406|1993||||xxc|||||o f|0| 0 eng|d |
| 040 | |aCaOODSP|beng |
| 043 | |an-cn--- |
| 086 | 1 |aPS83-3/31E-PDF |
| 110 | 2 |aCorrectional Service Canada. |
| 245 | 10|aSurvival time until suspension for sex offenders on conditional release / |h[electronic resource]|cby Laurence L. Motiuk and Shelley L. Brown. |
| 260 | |bCorrectional Service Canada |cSeptember 1993. |
| 300 | |a141p.|breferences, tables |
| 490 | 1 |aResearch report|vR-31 |
| 500 | |aThe 58 "Figures" mentioned in this publication are missing. |
| 590 | |a10-09-Supp|b2010-11-02 |
| 720 | 1 |aMotiuk, Laurence L. |
| 720 | 1 |aBrown, Shelley L. |
| 775 | 08|tLaps de temps avant la suspension de la libération conditionnelle des délinquants sexuels / |w(CaOODSP)9.599499 |
| 830 | #0|aResearch report (Correctional Service Canada. Research Branch)|vR-31|w(CaOODSP)9.506063 |
| 856 | 40|ahttp://publications.gc.ca|qPDF|s214 KB|uhttps://publications.gc.ca/collections/collection_2010/scc-csc/PS83-3-31-eng.pdf|yR-31 |